|
|
|
|
| LEADER |
00000nam0a2200000 4500 |
| 001 |
273729 |
| 005 |
20231101234646.0 |
| 020 |
|
|
|a RU
|b 87-51869ж
|
| 035 |
|
|
|a (RuTPU)RU\TPU\book\296939
|
| 090 |
|
|
|a 273729
|
| 100 |
|
|
|a 20141028d1987 k y0rusy5003 ca
|
| 101 |
0 |
|
|a rus
|
| 102 |
|
|
|a RU
|
| 105 |
|
|
|a a z 001zy
|
| 200 |
1 |
|
|a Ископаемые известковые водоросли: морфология, систематика, методы изучения
|f Академия наук СССР (АН СССР), Сибирское отделение (СО), Институт геологии и геофизики (ИГиГ) ; отв. ред. В. Н. Дубатолов
|
| 210 |
|
|
|a Новосибирск
|c Наука
|d 1987
|
| 215 |
|
|
|a 225 с.
|c ил.
|d 25 см
|
| 225 |
1 |
|
|a Труды Института геологии и геофизики
|f АН СССР, Сиб. отд-ние
|v Вып. 674
|
| 300 |
|
|
|a Авт. указаны на обороте тит. л.
|
| 320 |
|
|
|a Библиогр.: с. 174-190
|
| 606 |
1 |
|
|a Водоросли ископаемые
|2 stltpush
|3 (RuTPU)RU\TPU\subj\3000
|9 31472
|
| 610 |
1 |
|
|a известковые водоросли
|
| 610 |
1 |
|
|a палеоэкология
|
| 610 |
1 |
|
|a морфология
|
| 610 |
1 |
|
|a систематика
|
| 610 |
1 |
|
|a изучение
|
| 610 |
1 |
|
|a монографии
|
| 675 |
|
|
|a 561.22/.27
|z rus
|v 3
|
| 702 |
|
1 |
|a Дубатолов
|b В. Н.
|4 340
|
| 712 |
0 |
2 |
|a Академия наук СССР (АН СССР)
|b Сибирское отделение (СО)
|b Институт геологии и геофизики (ИГиГ)
|c (Новосибирск)
|2 stltpush
|3 (RuTPU)RU\TPU\col\128
|
| 801 |
|
0 |
|a RU
|b RuMRKP
|c 19950417
|g psbo
|
| 801 |
|
1 |
|a RU
|b 63413507
|c 20141028
|
| 801 |
|
2 |
|a RU
|b 63413507
|c 20170116
|g RCR
|
| 942 |
|
|
|c BK
|